000 00277nam a2200121Ia 4500
008 190216s9999||||xx |||||||||||||| ||und||
100 _aBatton Bose
245 0 _aLillippoovinu Chuvappu Nizhal
260 _bDc Books Kottayam
300 _a335
650 _aNovel
942 _cBK
999 _c27327
_d27327